<?xml version="1.0" encoding="UTF-8"?>
<record
    xmlns:xsi="http://www.w3.org/2001/XMLSchema-instance"
    xsi:schemaLocation="http://www.loc.gov/MARC21/slim http://www.loc.gov/standards/marcxml/schema/MARC21slim.xsd"
    xmlns="http://www.loc.gov/MARC21/slim">

  <leader>00308nam a2200121Ia 4500</leader>
  <controlfield tag="005">20251223131553.0</controlfield>
  <controlfield tag="008">251219s9999    xx            000 0 und d</controlfield>
  <datafield tag="041" ind1=" " ind2=" ">
    <subfield code="a">eng</subfield>
  </datafield>
  <datafield tag="100" ind1=" " ind2=" ">
    <subfield code="a">Soni P</subfield>
    <subfield code="9">216006</subfield>
  </datafield>
  <datafield tag="245" ind1=" " ind2=" ">
    <subfield code="a">Design your thinking</subfield>
  </datafield>
  <datafield tag="260" ind1=" " ind2=" ">
    <subfield code="b">Penguin random House/India</subfield>
    <subfield code="c">2020</subfield>
  </datafield>
  <datafield tag="300" ind1=" " ind2=" ">
    <subfield code="a">363</subfield>
    <subfield code="b">Hard Bound</subfield>
  </datafield>
  <datafield tag="999" ind1=" " ind2=" ">
    <subfield code="c">369541</subfield>
    <subfield code="d">369541</subfield>
  </datafield>
  <datafield tag="952" ind1=" " ind2=" ">
    <subfield code="0">0</subfield>
    <subfield code="1">0</subfield>
    <subfield code="4">0</subfield>
    <subfield code="7">0</subfield>
    <subfield code="a">HIMR</subfield>
    <subfield code="b">HIMR</subfield>
    <subfield code="d">2025-12-12</subfield>
    <subfield code="g">1.00</subfield>
    <subfield code="l">1</subfield>
    <subfield code="p">HIMR-DB-3287</subfield>
    <subfield code="q">2026-01-08</subfield>
    <subfield code="r">2026-01-08 12:25:19</subfield>
    <subfield code="s">2026-01-08</subfield>
    <subfield code="v">1.00</subfield>
    <subfield code="w">2025-12-23</subfield>
    <subfield code="y">DB</subfield>
    <subfield code="z">DB3287</subfield>
  </datafield>
</record>
